LEADER 01321nem2-2200433---450 001 990009192520403321 005 20170516102723.0 035 $a000919252 035 $aFED01000919252 035 $a(Aleph)000919252FED01 035 $a000919252 100 $a20100601d1975----km-y0itay50------ba 101 0 $aita 102 $aIT 120 $ab-y------bl-- 121 $aaa-aab--a$b-------- 123 1 $aa$b1:50000$do0020500$eo0013500$fn0463500$gn0461800 124 $aa$bd$c--$da$e-$f--$g-- 200 1 $aGruppo Ortles-Cevedale$bDocumento cartografico$fTouring club italiano 206 $a1:50000 (O2°05'-O1°35'/N46°35'-N46°18') 210 $aMilano$cTouring club italiano$d1975 215 $a1 carta$ccolor.$d70 x 75 cm, ripiegate 14 x 20 cm in busta 300 $aIl meridiano di riferimento è Roma 461 0$1001000919214 540 1 $aBormio 540 1 $aSondalo 540 1 $aMezzana 540 1 $aDimaro 610 0 $aItalia$aCarte 610 0 $aDolomiti$aCarte 710 02$aTouring club italiano$05623 801 0$aIT$bUNINA$gRICA$2UNIMARC 901 $aMP 912 $a990009192520403321 952 $aMP UB TCI 003(62)$bIst. 10660$fILFGE 952 $aMP UB TCI 003(62)bis$bIst. s.i.$fILFGE 959 $aILFGE 996 $aGruppo Ortles - Cevedale$9762261 997 $aUNINA LEADER 01049cam0 22002651 450 001 SOBE00036762 005 20131003141548.0 100 $a20131003h1969 |||||ita|0103 ba 101 $aita$alat$agrc 102 $aIT 200 1 $aAntologia cristiana dalla cantica ambrosiana alla regola di San Benedetto $etraduzioni originali e profili$fQuintino Cataudella 210 $aFirenze$cSansoni$aMilano$cAccademia$d1969 215 $a288 p.$cill.$d20 cm 225 2 $aantologie delle letterature del mondo 410 1$1001SOBE00036761$12001 $aLe *antologie delle letterature del mondo 700 1$aCataudella$b, Quintino$3A600200033058$4070$0164224 801 0$aIT$bUNISOB$c20131003$gRICA 850 $aUNISOB 852 $aUNISOB$j200$m10409 912 $aSOBE00036762 940 $aM 102 Monografia moderna SBN 941 $aM 957 $a200$b000042$gSI$d10409$1rovito$2UNISOB$3UNISOB$420131003133559.0$520131003133635.0$6rovito 996 $aAntologia cristiana dalla cantica ambrosiana alla Regola di San Benedetto$9210879 997 $aUNISOB LEADER 01308nam0 22003131i 450 001 UON00481897 005 20231205105252.163 100 $a20171020d1987 |0itac50 ba 101 $aeng 102 $aTR 105 $a|||| 1|||| 200 1 $aTurkish miniature painting$esixty-eight miniatures in full color and one hundred and seven black and white illustrations$fMetin And 205 $a4. ed. 210 $aIstanbul$cDost yay?nlar?$d1987 215 $a148 p$cill$d23 cm 312 $aDalla copertina$9UON00481898 517 0$3UON00481898$aTurkish miniature painting : The Ottoman period 606 $aMINIATURA ISLAMICA$xTURCHIA$3UONC010323$2FI 606 $aMINIATURA ISLAMICA$xLIBRI E MANOSCRITTI$xTURCHIA$3UONC088364$2FI 620 $aTR$dIstanbul$3UONL000077 686 $aOTT IX B$cIMPERO OTTOMANO - ARTI - PITTURA E MINIATURA$2A 700 1$aAND$bMetin$3UONV018712$0643861 712 $aDost yay?nlar?$3UONV281907$4650 801 $aIT$bSOL$c20240220$gRICA 899 $aSIBA - SISTEMA BIBLIOTECARIO DI ATENEO$2UONSI 912 $aUON00481897 950 $aSIBA - SISTEMA BIBLIOTECARIO DI ATENEO$dSI OTT IX B 019 $eSI 23795 7 019 996 $aTurkish miniature painting$91397342 997 $aUNIOR